| 000 | 01007cam a2200325 i 4500 | ||
|---|---|---|---|
| 001 | 200446927 | ||
| 003 | TR-AnTOB | ||
| 005 | 20251229160803.0 | ||
| 007 | ta | ||
| 008 | 210218s2021 tu a $r01 $$$$ ttu u | ||
| 020 | _a9789752208919 | ||
| 040 |
_aTR-AnTOB _beng _erda _cTR-AnTOB |
||
| 041 | 0 | _atur | |
| 044 | _ctu | ||
| 050 | 1 | 4 |
_aPL248.M536 _bB55 2021 |
| 090 |
_aJUN PL 248.M536 _bB55 2021 |
||
| 100 | 1 |
_aMiandji, Anooshirvan M. _9125582 _q(Anooshirvan Mohammadzadeh), _d1971- _eauthor |
|
| 245 | 1 | 0 |
_aBilge çiçek / _cAnooshirvan Miandji ; [kapak ve resimler : Biğkem Karavus]. |
| 250 | _a10. basım Eylül 2021 | ||
| 264 | 1 |
_aİstanbul : _bBilgi, _c2021. |
|
| 300 |
_a98 pages : _billustrations ; _c20 cm |
||
| 336 |
_atext _btxt _2rdacontent |
||
| 337 |
_aunmediated _bn _2rdamedia |
||
| 338 |
_avolume _bnc _2rdacarrier |
||
| 521 | _aÇocuk | ||
| 650 | 7 |
_aTürk romanı _2etuturkob _99421 |
|
| 700 | 1 |
_aKaravus, Biğkem _eillustrator _9137153 |
|
| 942 |
_2lcc _cBK |
||
| 999 |
_c200446927 _d65139 |
||